All Official Names of Bangladesh - Statistics

General Stats
  • This quiz has been taken 11 times
  • The average score is 6 of 11
Answer Stats
Years Name of Bangladesh % Correct
1858-1947 British Raj
73%
1576-1717 Mughal Empire
73%
1972- People's Republic of Bangladesh
73%
1971-1972 Provisional Government of the People's Republic of Bangladesh
73%
1955-1971 Islamic Republic of Pakistan
64%
1352-1529 Sultanate of Bengal
64%
1554-1576 Sultanate of Bengal
64%
1757-1858 British East India Company
45%
1529-1554 Sur Empire
45%
1947-1955 Dominion of Pakistan
36%
1717-1757 Nawab of Bengal
36%
No matching quizzes found
Score Distribution
Percent of People with Each Score
Percentile by Number Answered
Your Score History
You have not taken this quiz